Kedy vzniká nárok na doplatok do minimálnej mzdy?

Minimálna mzda predstavuje zákonom garantovaný plat za vykonanú prácu, ktorý musí byť zamestnancovi vyplatený. Postup zamestnávateľa pri výpočte doplatku do minimálnej mzdy. Minimálne mzdové nároky pre rok 2024.

Saved in:
Bibliographic Details
Main Author: Matlovičová, Iveta
Format: Book Chapter
Language:Slovak
Subjects:
Tags: Add Tag
No Tags, Be the first to tag this record!

MARC

LEADER 00000naa a2200000 4500
001 0303986
005 20240906095557.7
041 0 |a slo 
044 |a SK 
245 1 0 |a Kedy vzniká nárok na doplatok do minimálnej mzdy?  |c Iveta Matlovičová 
520 |a Minimálna mzda predstavuje zákonom garantovaný plat za vykonanú prácu, ktorý musí byť zamestnancovi vyplatený. Postup zamestnávateľa pri výpočte doplatku do minimálnej mzdy. Minimálne mzdové nároky pre rok 2024. 
610 2 0 |a mzdy minimálne 
610 2 0 |a zamestnanci 
610 2 0 |a zamestnávatelia 
610 2 0 |a pomer pracovný 
610 2 0 |a miesta pracovné 
610 2 0 |a náročnosť práce 
610 2 0 |a zákony 
610 2 0 |a legislatíva 
100 1 |a Matlovičová, Iveta